Cuộc phiêu lưu tư tưởng văn học Âu châu thế kỷ XX = L'aventure intellectuelle du XXè siècle

保存先:
書誌詳細
第一著者: R. M. Albérès
フォーマット: 図書
言語:Undetermined
出版事項: H. Lao Động 2003
主題:
タグ: タグ追加
タグなし, このレコードへの初めてのタグを付けませんか!
Thư viện lưu trữ: Trung tâm Học liệu Trường Đại học Cần Thơ
LEADER 00706nam a2200217Ia 4500
001 CTU_56703
008 210402s9999 xx 000 0 und d
020 |b 55000 
082 |a 809.894 
082 |b A329 
100 |a R. M. Albérès 
245 0 |a Cuộc phiêu lưu tư tưởng văn học Âu châu thế kỷ XX = 
245 0 |b L'aventure intellectuelle du XXè siècle 
245 0 |c R. M. Albérès; Vũ Đình Lưu biên dịch 
260 |a H. 
260 |b Lao Động 
260 |c 2003 
650 |a literature,european literature 
650 |x philosophy,history and criticism 
650 |y 20th century 
980 |a Trung tâm Học liệu Trường Đại học Cần Thơ